Wrestlers By Picture 35: 90's Tag Teams - Statistics

General Stats
  • This quiz has been taken 69 times
  • The average score is 12 of 16
Answer Stats
Picture Answer % Correct
The Hardy Boyz
92%
The Dudley Boys
90%
The Legion of Doom
89%
The Outsiders
87%
The Steiner Brothers
83%
The Brood
81%
Natural Disasters
76%
The Acolytes
76%
Harlem Heat
73%
The Nasty Boys
65%
New Age Outlaws
63%
The Headshrinkers
63%
Too Cool
62%
The Headbangers
60%
The Hollywood Blondes
59%
Public Enemy
44%
No matching quizzes found
Score Distribution
Percent of People with Each Score
Percentile by Number Answered
Your Score History
You have not taken this quiz